000 01920nam a2200469 a 4500
001 ebr10223898
003 CaPaEBR
006 m u
007 cr cn|||||||||
008 030310s2003 wiu sb s001 0 eng
010 _z 2003005655
020 _z0299192644 (pbk. : alk. paper)
040 _aCaPaEBR
_cCaPaEBR
035 _a(OCoLC)229441947
043 _ae------
_aff-----
_aaw-----
050 1 4 _aPA6519.H7
_bL56 2003eb
082 0 4 _a871/.01
_221
100 1 _aLindheim, Sara H.
245 1 0 _aMail and female
_h[electronic resource] :
_bepistolary narrative and desire in Ovid's Heroides /
_cSara H. Lindheim.
260 _aMadison, Wis. :
_bUniversity of Wisconsin Press,
_cc2003.
300 _ax, 270 p.
490 1 _aWisconsin studies in classics
500 _aBased on the author's dissertation (Brown University).
504 _aIncludes bibliographical references (p. 245-257) and indexes.
533 _aElectronic reproduction.
_bPalo Alto, Calif. :
_cebrary,
_d2013.
_nAvailable via World Wide Web.
_nAccess may be limited to ebrary affiliated libraries.
600 0 0 _aOvid,
_d43 B.C.-17 or 18 A.D.
_tHeroides.
650 0 _aEpistolary poetry, Latin
_xHistory and criticism.
650 0 _aLove poetry, Latin
_xHistory and criticism.
650 0 _aNarration (Rhetoric)
_xHistory
_yTo 1500.
650 0 _aSeparation (Psychology) in literature.
650 0 _aMythology, Classical, in literature.
650 0 _aWomen and literature
_zRome.
650 0 _aLove-letters in literature.
650 0 _aFemininity in literature.
650 0 _aDesire in literature.
650 0 _aWomen in literature.
650 0 _aRhetoric, Ancient.
655 7 _aElectronic books.
_2local
710 2 _aebrary, Inc.
830 0 _aWisconsin studies in classics.
856 4 0 _uhttp://site.ebrary.com/lib/rucke/Doc?id=10223898
_zAn electronic book accessible through the World Wide Web; click to view
999 _c25386
_d25386